Statistiques concernant Paris par monuments / endroits

Cliquez ici pour prendre le quiz!

Statistiques générales

  • Ce quiz a été pris 395 fois
  • Le résultat moyen est 10 sur 13

Statistiques - réponses

Réponse% Correct
Tour eiffel
100%
arc de triomphe
99%
Basilique du Sacré-Coeur
91%
Avenue des champs-Elysées
90%
Cathédrale Notre-Dame de Paris
90%
Louvre
88%
Tour Montparnasse
87%
Place de la Concorde
74%
Invalides
64%
pont Alexandre III
64%
Assemblée Nationale
63%
Opéra Garnier
57%
Eglise de la Madeleine
47%

Distribution des résultats

Percentile par nombre de réponses

% des personnes avec chaque résultat

Votre développement - résultats

Vous n’avez pas pris ce quiz